Committee of Public Safety - Statistics

General Stats
  • This quiz has been taken 52 times
  • The average score is 4 of 12
Answer Stats
Hint Answer % Correct
Born 1758, Called the incorruptable Maximilien Robespierre
100%
Born 1767, "Angel of Death" Louis-Antoine Saint-Just
67%
Born 1753, "Organizer of Victory" Lazare Carnot
33%
Born 1756, Paralytic unable to walk Georges Couthon
28%
Born 1750, Self made Actor/Playwright Jean-Marie Collot d'Herbois
25%
Born 1756, Pierre-Louis Prieur of the Marne
19%
Born 1749, Protestant Minister, one time ship captain Andre Jeanbon Saint-Andre
17%
Born 1755, "Anacreon of the Guillotine" Betrand Barere
17%
Born 1743, Oldest Robert Lindet
17%
Born 1756, Agitator, impatient, clamorous Jean-Nicolas Billaud-Varenne
14%
Born 1759, Nobleman and Aristocrat Marie-Jean Herault de Sechelles
11%
Born 1763, Claude-Antonie Prieur of the Cote-d or
11%
No matching quizzes found
Score Distribution
Percent of People with Each Score
Percentile by Number Answered
Your Score History
You have not taken this quiz